000
00261nam a22001097a 4500
008
230620b xxu||||| |||| 00| 0 eng d
082
_a
321.89
_b
CPA 2001
245
_a
Australia: A Century
_b
Building Democracy
260
_c
2001
300
_a
88p
942
_2
ddc
_c
BK
999
_c
1700
_d
1700